000 00489nam a2200181 4500
001 114302
003 ES-MaACL
007 t|
008 061121s1981 sp r ||||1| spa d
100 0 _aOrtiz, Lourdes,
_d1943-
_987565
245 1 0 _aEn días como estos /
_cLourdes Ortiz.
260 _aMadrid :
_bAkal,
_c1981.
300 _a120 p. ;
_c22 cm.
490 1 _aSibyla ;
_v2
830 0 _aSibyla ;
_v2
_9185752
852 _aES-MaACL
_jL-5897
_bR.106537
999 _c114302
_d114302